| Tag |
First Indicator |
Second Indicator |
Subfields |
| LEADER |
00000cam a22000008a 4500 |
| 001 |
in00000788921 |
| 005 |
20151017062332.0 |
| 008 |
880706s1989 miu b s00110 eng |
| 010 |
|
|
|a 88023247
|
| 020 |
|
|
|a 081431824X (alk. paper)
|
| 035 |
|
|
|a (OCoLC)18290243
|
| 035 |
|
|
|9 ADM8999AM
|
| 040 |
|
|
|a DLC
|c DLC
|d TXA
|d UtOrBLW
|
| 041 |
1 |
|
|a eng
|a fre
|
| 043 |
|
|
|a ff-----
|
| 049 |
|
|
|a TXAM
|c [A12492333]
|
| 050 |
0 |
0 |
|a DS135.A25
|b A2513 1989
|
| 082 |
0 |
|
|a 961/.004924
|2 19
|
| 100 |
1 |
|
|a Abitbol, Michel.
|
| 240 |
1 |
0 |
|a Juifs d'Afrique du Nord sous Vichy.
|l English
|
| 245 |
1 |
4 |
|a The Jews of North Africa during the Second World War /
|c Michel Abitbol ; translated by Catherine Tihanyi Zentelis.
|
| 263 |
|
|
|a 8903
|
| 264 |
|
1 |
|a Detroit :
|b Wayne State University Press,
|c 1989.
|
| 300 |
|
|
|a 212 pages
|
| 336 |
|
|
|a text
|b txt
|2 rdacontent
|
| 337 |
|
|
|a unmediated
|b n
|2 rdamedia
|
| 338 |
|
|
|a volume
|b nc
|2 rdacarrier
|
| 500 |
|
|
|a Translation of: Les Juifs d'Afrique du Nord sous Vichy.
|
| 504 |
|
|
|a Includes bibliographical references and index.
|
| 650 |
|
0 |
|a Jews
|z Africa, North
|x Persecutions.
|
| 650 |
|
0 |
|a World War, 1939-1945
|x Jews
|z Africa, North.
|
| 651 |
|
0 |
|a Africa, North
|x Ethnic relations.
|
| 999 |
|
|
|a MARS
|
| 999 |
f |
f |
|s 320aa0a3-6f32-3f77-98b1-977b0244516e
|i 2afe3ae7-7fb3-3f4b-ac98-9a522cbb2705
|t 0
|
| 952 |
f |
f |
|p normal
|a Texas A&M University
|b College Station
|c Sterling C. Evans Library
|d Evans: Library Stacks
|t 0
|e DS135.A25 A2513 1989
|h Library of Congress classification
|i unmediated -- volume
|m A14812492333
|
| 998 |
f |
f |
|a DS135.A25 A2513 1989
|t 0
|l Evans: Library Stacks
|